Nuestro Padre en la base de nuestra fraternidad / (Record no. 61372)

MARC details
000 -LEADER
campo de control de longitud fija 00760nam a2200241 i 4500
001 - NÚMERO DE CONTROL
campo de control 61372
003 - IDENTIFICADOR DE NÚMERO DE CONTROL
campo de control ES-MaACL
005 - FECHA Y HORA DE LA ÚLTIMA TRANSACCIÓN
campo de control 20230906164438.0
007 - CAMPO FIJO DE DESCRIPCIÓN FÍSICA--INFORMACIÓN GENERAL
campo de control de longitud fija t|
008 - DATOS DE LONGITUD FIJA--INFORMACIÓN GENERAL
campo de control de longitud fija 031111s1958 sp ||||1| spa d
100 1# - ENTRADA PRINCIPAL--NOMBRE DE PERSONA
Nombre de persona Evely, Louis.
9 (RLIN) 48385
245 10 - MENCIÓN DEL TÍTULO
Título Nuestro Padre en la base de nuestra fraternidad /
Mención de responsabilidad, etc. Luis Evely ; [traducción de M.M. Muñoz Jiménez Millas].
260 ## - PUBLICACIÓN, DISTRIBUCIÓN, ETC.
Lugar de publicación, distribución, etc. Madrid :
Nombre del editor, distribuidor, etc. Atenas,
Fecha de publicación, distribución, etc. [1958] (
Fabricante José Luis Cosano)
300 ## - DESCRIPCIÓN FÍSICA
Extensión 166 p. ;
Dimensiones 20 cm.
490 1# - MENCIÓN DE SERIE
Mención de serie Ascesis
490 1# - MENCIÓN DE SERIE
Mención de serie Colección "Ascessis"
630 04 - PUNTO DE ACCESO ADICIONAL DE MATERIA--TÍTULO UNIFORME
Título uniforme Padrenuestro.
9 (RLIN) 167056
700 1# - ENTRADA AGREGADA--NOMBRE PERSONAL
Nombre de persona Muñoz Jiménez-Millás, M. M.
9 (RLIN) 84439
830 0# - PUNTO DE ACCESO ADICIONAL DE SERIE-TÍTULO UNIFORME
Título uniforme Ascesis
9 (RLIN) 182283
830 0# - PUNTO DE ACCESO ADICIONAL DE SERIE-TÍTULO UNIFORME
Título uniforme Colección "Ascessis"
9 (RLIN) 230594
852 ## - LOCALIZACIÓN
Ubicación ES-MaACL
Número de control de estantería C-14837
Sublocalización o colección R.42771
Holdings
Estatus retirado Estado de pérdida Estado de daño No para préstamo Biblioteca de origen Biblioteca actual Ubicación en estantería Fecha de adquisición Fuente de adquisición Total de préstamos Signatura topográfica completa Código de barras Visto por última vez Precio de reemplazo Tipo de ítem Koha
        Biblioteca del Ateneo de Madrid Biblioteca del Ateneo de Madrid Ficheros 17/01/2008     C-14837 1064355 23/02/2023 23/02/2023 Libro impreso